Culture Générale - Série 2386 - Statistiques

Statistiques générales
  • Ce quiz a été pris 128 fois
  • Le résultat moyen est 6 sur 10
Statistiques - réponses
Question Réponse % Correct
Quel fruit est une garriguette ? fraise
92%
Quel mot peut-on associer à faucon et requin ? pelerin
75%
Dans quelle partie du corps humain trouve-t-on l'os appelé "astragale" ? pied
71%
Quel anglicisme est utilisé pour parler d’un foyer épidémique ? cluster
69%
Quel homme d'état de la III° République était surnommé "Le tigre" et « Père de la Victoire ».? prénom et nom Georges Clemenceau
67%
De quel pays Maputo est-elle la capitale ? Mozambique
52%
Qui était "Marie Pervenche" à la télévision de 1984 à 1991 ? prénom et nom - voir photo Danielle Evenou
48%
Comment appelle-t-on l'île mythique évoquée par Platon dans deux de ses Dialogues, le Timée puis le Critias ? Atlantide
43%
Histoire inventée ou exagérée que l'on raconte pour duper quelqu'un - 8 lettres commençant par " g " galéjade
23%
Quel adjectif familier signifie "petit ; mesquin, pauvre" ? 8 lettres colmmençantpar " r " riquiqui
13%
Aucun quiz correspondant
Distribution des résultats
% des personnes avec chaque résultat
Percentile par nombre de réponses
Votre historique - résultats
Vous n’avez pas pris ce quiz